Maneres d'acollir els infants : articles apareguts en el núm. 2 d'abril-juny de 1988 de la revista francesa Enfance / traducció de Matilde Martínez i Montserrat Struch articles apareguts en el núm. 2 d'abril-juny de 1988 de la revista francesa Enfance / traducció de Matilde Martínez i Montserrat Struch
ISBN:
84-85008-69-3
Descripción Física:
87 p. ; 22 cm
Colección:
Temes d'infància ; 14
MARC
| LEADER | 00000nam a2200000Ia 4500 | ||
|---|---|---|---|
| 001 | 9555 | ||
| 008 | 160829s1990 xx 000 0 cat d | ||
| 020 | |a 84-85008-69-3 | ||
| 080 | |a E-1-191 | ||
| 245 | |a Maneres d'acollir els infants : |b articles apareguts en el núm. 2 d'abril-juny de 1988 de la revista francesa Enfance / traducció de Matilde Martínez i Montserrat Struch | ||
| 260 | |a Barcelona : |b A.A.P.S.A. Rosa Sensat : |b Diputació de Barcelona, |c 1990 | ||
| 300 | |a 87 p. ; |c 22 cm | ||
| 490 | |a Temes d'infància ; 14 | ||
| 650 | |a Acolliment familiar |9 36861 | ||
| 650 | |a Fills de mares treballadores |x Cura |9 36862 | ||
| 700 | |a Martínez, Matilde, tr. |9 29185 | ||
| 700 | |a Struch, Montserrat, tr. |9 36863 | ||
| 710 | 2 | |a Rosa Sensat (Associació) |9 54183 | |
| 901 | |a Arxiu | ||
| 942 | |n 1 | ||
| 952 | |0 0 |1 0 |4 0 |6 E1191 |7 1 |9 47546 |a Arxiu |b Arxiu |d 2016-12-01 |l 0 |o E-1-191 |p 9555 |r 2016-12-01 00:00:00 |w 2016-12-01 |y ARXIU | ||
| 999 | |c 51345 |d 51345 | ||